Determining software quality using code analysis metrics

Gespeichert in:
Bibliographische Detailangaben
1. Verfasser: Nemec, Martin (Verfasst von)
Weitere Verfasser: Kataieva, Yevheniia (Betreuung Doktorarbeit)
Format: Manuskript Buch
Sprache:Slowakisch
Englisch
Veröffentlicht: 2025
Schlagworte:
Online-Zugang:http://is.stuba.sk/zp/portal_zp.pl?podrobnosti=184080
Tags: Tag hinzufügen
Keine Tags, Fügen Sie das erste Tag hinzu!

MARC

LEADER 00000ntm a22000003a 4500
001 stuzp105791
003 SK-STU
005 20250607211620.2
007 ta
008 150427s2015----xo-----f-mn---000-0-slo-d
040 |a STU  |b slo 
041 0 |a eng 
100 1 |a Nemec, Martin  |u 070200  |4 aut  |U FIIT Fakulta informatiky a informačných technológií  |T FIIT Ústav informatiky, informačných systémov a softvérového inžinierstva  |X 110859  |U I200  |Y 179  |7 110859 
242 0 1 |a Určovanie kvality softvéru pomocou metrík analýzy kódu  |y slo 
245 1 0 |a Determining software quality using code analysis metrics 
260 |c 2025 
650 4 |a software quality  |2 eng 
650 4 |a code analysis metrics  |2 eng 
650 4 |a code smells  |2 eng 
650 4 |a metriky analýzy kódu  |2 slo 
650 4 |a code smells  |2 slo 
650 4 |a kvalita softvéru  |2 slo 
700 1 |a Kataieva, Yevheniia  |4 ths  |X 119627  |7 119627 
856 4 |u http://is.stuba.sk/zp/portal_zp.pl?podrobnosti=184080